| 000 | 00395nam a2200145Ia 4500 | ||
|---|---|---|---|
| 008 | 220217s9999||||xx |||||||||||||| ||und|| | ||
| 020 | _a3-540-78086-6 | ||
| 082 | _a005.746 SAL | ||
| 100 |
_aSalomon, David _93001 |
||
| 245 | 0 | _aData compression: the complete refrence | |
| 250 | _a2nd | ||
| 260 |
_aSpringer _bNorthridge _c2001 |
||
| 300 | _b780 | ||
| 650 |
_aDATA FILES & DATABASE _9695 |
||
| 999 |
_c170668 _d170668 |
||